Happy Things - Statistics

General Stats
  • This quiz has been taken 15 times
  • The average score is 6 of 15
Answer Stats
Hint Answer % Correct
Happy as this animal in muck Pig
85%
Sought-after ending Happy ever after
77%
Carefree attitude Happy-go-lucky
77%
19th century song that became public domain in 2016 Happy Birthday to You
69%
R.E.M. Song Shiny Happy People
46%
'Madchester' band Happy Mondays
38%
Me HappyQuizzer
38%
Happy as this animal at high water Clam
31%
'Wallowing' Kinder treat Happy Hippo
31%
Jetpunk, for example Happy Place
31%
Happy as this guy Larry
23%
Roger Hargreaves character Mr Happy
23%
Card Game Happy Families
15%
Hot-headed Trigger happy
15%
Happy as this bird Lark
8%
No matching quizzes found
Score Distribution
Percent of People with Each Score
Percentile by Number Answered
Your Score History
You have not taken this quiz